[Event "chess.com IoM Masters"]
[Site "Douglas ENG"]
[Date "2017.09.25"]
[Round "3.59"]
[White "Paehtz, Elisabeth"]
[Black "Oyama, Akito"]
[Result "1-0"]
[WhiteTitle "IM"]
[WhiteElo "2453"]
[BlackElo "2198"]
[WhiteFideId "4641833"]
[BlackFideId "7001630"]
[EventDate "2017.09.23"]

1. d4 Nf6 2. c4 e6 3. Nc3 Bb4 4. e3 O-O 5. Bd3 d5 6. Ne2 c5 7. cxd5 cxd4 8. exd4
Nxd5 9. O-O Nc6 10. Bc2 Re8 11. Qd3 g6 12. a3 Bf8 13. Rd1 Bg7 14. Qg3 Nce7 15.
Bg5 a6 16. Nxd5 exd5 17. Nc3 Be6 18. Qf4 Qb8 19. Qf3 b5 20. h3 Qa7 21. Bf6 Bf5
22. Bxf5 Nxf5 23. Nxd5 Re6 24. Bxg7 Kxg7 25. Nc7 Qxc7 26. Qxa8 Re2 27. Rac1 Qe7
28. Qf3 Rxb2 29. d5 Ra2 30. Qc3+ Kh6 31. Ra1 Re2 32. Re1 Kg5 33. Rxe2 Qxe2 34.
d6 Nxd6 35. Qg3+ 1-0

[Event "chess.com IoM Masters"]
[Site "Douglas ENG"]
[Date "2017.09.25"]
[Round "3.60"]
[White "Maloberti, David"]
[Black "Swayams, Mishra"]
[Result "0-1"]
[BlackTitle "IM"]
[WhiteElo "2132"]
[BlackElo "2444"]
[WhiteFideId "620149"]
[BlackFideId "5028183"]
[EventDate "2017.09.23"]

1. d4 Nf6 2. c4 e6 3. Nf3 b6 4. Bg5 Bb7 5. e3 h6 6. Bh4 Bb4+ 7. Nc3 g5 8. Bg3
Ne4 9. Qc2 Bxc3+ 10. bxc3 d6 11. Bd3 f5 12. O-O Nd7 13. Nd2 Nxd2 14. Qxd2 h5 15.
f3 h4 16. Be1 Qf6 17. e4 O-O-O 18. Qe2 Rdf8 19. Bd2 Kb8 20. exf5 exf5 21. Rae1
h3 22. g3 f4 23. Qe7 Rf7 24. Qxf6 Nxf6 25. g4 Ba6 26. Re6 d5 27. Rfe1 dxc4 28.
Bg6 Rff8 29. R6e5 Rhg8 30. Rxg5 Bc8 31. Re7 Nd7 32. Bf5 Rxg5 33. Bxd7 Bxd7 34.
Rxd7 Ra5 35. Re7 Rxa2 36. Be1 Rg2+ 37. Kh1 a5 0-1

[Event "chess.com IoM Masters"]
[Site "Douglas ENG"]
[Date "2017.09.25"]
[Round "3.61"]
[White "Shvayger, Yuliya"]
[Black "Heimisson, Hilmir Freyr"]
[Result "1-0"]
[WhiteTitle "WGM"]
[WhiteElo "2442"]
[BlackElo "2185"]
[WhiteFideId "14100126"]
[BlackFideId "2309998"]
[EventDate "2017.09.23"]

1. e4 c5 2. Nf3 d6 3. d4 cxd4 4. Nxd4 Nf6 5. Nc3 a6 6. f4 e6 7. Bd3 Nbd7 8. O-O
b5 9. Nf3 Nc5 10. Qe1 Bb7 11. a3 Rc8 12. Kh1 Be7 13. Bd2 h6 14. e5 Nxd3 15. cxd3
dxe5 16. fxe5 Nd5 17. Qg3 g5 18. Ne4 Rc2 19. Rae1 Rf8 20. Bc1 Nb6 21. Rd1 Rc8
22. Qh3 Qc7 23. Bd2 Nd5 24. Rde1 Qb6 25. Qxh6 g4 26. Nfg5 Rc2 27. Nxf7 Rxf7 28.
Rxf7 Rxd2 29. Rxe7+ Nxe7 30. Qxd2 Nf5 31. Nd6+ Nxd6 32. exd6 Qxd6 33. Qe2 Bd5
34. Qxg4 Qc6 35. Rf1 Ke7 36. b4 Qc2 37. Qg7+ Kd6 38. Qf8+ 1-0

[Event "chess.com IoM Masters"]
[Site "Douglas ENG"]
[Date "2017.09.25"]
[Round "3.62"]
[White "Pranav, Anand"]
[Black "Kiewra, Keaton F"]
[Result "1/2-1/2"]
[BlackTitle "IM"]
[WhiteElo "2105"]
[BlackElo "2433"]
[WhiteFideId "46626786"]
[BlackFideId "2019280"]
[EventDate "2017.09.23"]

1. e4 c5 2. Nf3 d6 3. Bb5+ Nc6 4. Bxc6+ bxc6 5. O-O e5 6. c3 Nf6 7. Re1 Be7 8.
d4 cxd4 9. cxd4 Qc7 10. h3 O-O 11. Nc3 Re8 12. Qc2 Bb7 13. Bg5 Rac8 14. Rad1 h6
15. Bc1 Nd7 16. Ne2 Bf8 17. Ng3 g6 18. h4 exd4 19. Nxd4 h5 20. Bf4 Ne5 21. Re3
Bg7 22. Bxe5 Rxe5 23. Rc3 Ra5 24. b4 Re5 25. Rc4 Bf8 26. Nxc6 Bxc6 27. Rc1 d5
28. exd5 Rxd5 29. a3 Qb6 30. Rxc6 Rxc6 31. Qxc6 Rd1+ 32. Nf1 Rxc1 33. Qxc1 a5
34. bxa5 Qxa5 35. Ng3 Qxa3 36. Qf4 1/2-1/2

[Event "chess.com IoM Masters"]
[Site "Douglas ENG"]
[Date "2017.09.25"]
[Round "3.63"]
[White "Rakesh, Kumar Jena"]
[Black "Mai, Aron Thor"]
[Result "1/2-1/2"]
[WhiteTitle "FM"]
[WhiteElo "2418"]
[BlackElo "2038"]
[WhiteFideId "5084822"]
[BlackFideId "2313383"]
[EventDate "2017.09.23"]

1. e4 c6 2. Nc3 d5 3. Nf3 Nf6 4. e5 Ne4 5. Ne2 Qb6 6. d4 e6 7. Nfg1 f6 8. f3 Ng5
9. exf6 gxf6 10. f4 Ne4 11. Nf3 c5 12. Ng3 Nxg3 13. hxg3 Nc6 14. Bd3 Bd7 15.
Bg6+ hxg6 16. Rxh8 cxd4 17. a3 O-O-O 18. Rh7 e5 19. fxe5 fxe5 20. Nh4 Bd6 21.
Bg5 Rf8 22. Bh6 Rf6 23. Bg5 Rf8 24. Bh6 Rf6 1/2-1/2

[Event "chess.com IoM Masters"]
[Site "Douglas ENG"]
[Date "2017.09.25"]
[Round "3.64"]
[White "Maroroa, Sue"]
[Black "Arkell, Keith C"]
[Result "0-1"]
[WhiteTitle "WIM"]
[BlackTitle "GM"]
[WhiteElo "2083"]
[BlackElo "2415"]
[WhiteFideId "4301498"]
[BlackFideId "400270"]
[EventDate "2017.09.23"]

1. e4 e6 2. d4 d5 3. Nd2 c5 4. Ngf3 cxd4 5. exd5 Qxd5 6. Bc4 Qd8 7. O-O Nc6 8.
Nb3 Nf6 9. Nfxd4 Nxd4 10. Qxd4 Qxd4 11. Nxd4 Bd7 12. Nf3 Bd6 13. Rd1 Ke7 14. Bg5
h6 15. Be3 Rhc8 16. Bb3 Ng4 17. Bd4 Bc6 18. h3 Bxf3 19. gxf3 Ne5 20. Kg2 g5 21.
Bc3 Ng6 22. Kf1 a5 23. a4 Be5 24. Bxe5 Nxe5 25. Ke2 Ng6 26. Rd4 Rd8 27. Rad1
Nf4+ 28. Kf1 Nxh3 29. Rxd8 Rxd8 30. Rxd8 Kxd8 31. c3 Nf4 32. Bc4 Kc7 33. Kg1 h5
34. Bb5 Kd6 35. Be8 Nd3 36. b3 Ke7 37. Bb5 Nf4 38. Bc4 Nd5 39. Kg2 Nxc3 40. f4
gxf4 0-1

[Event "chess.com IoM Masters"]
[Site "Douglas ENG"]
[Date "2017.09.25"]
[Round "3.71"]
[White "Coathup, Roger H"]
[Black "Pranav, V"]
[Result "0-1"]
[WhiteElo "2125"]
[BlackElo "2376"]
[WhiteFideId "407062"]
[BlackFideId "25060783"]
[EventDate "2017.09.23"]

1. d4 Nf6 2. c4 e6 3. Nc3 Bb4 4. e3 O-O 5. Bd3 b6 6. Ne2 Re8 7. O-O d5 8. cxd5
exd5 9. Ng3 c6 10. f3 Bd6 11. Nf5 Bxf5 12. Bxf5 c5 13. g4 Nc6 14. Bc2 h6 15. a3
cxd4 16. exd4 Nxd4 17. Ba4 b5 18. Kg2 Qb6 19. Bb3 Nxb3 20. Qxb3 d4 21. Nd1 Qc6
22. Nf2 Re2 23. Qd3 Rae8 24. g5 Nd5 25. Qxd4 Bc5 26. Qh4 Qg6 27. Kh1 hxg5 28.
Qg3 Bxf2 29. Rxf2 Re1+ 30. Kg2 Nf4+ 31. Bxf4 Rxa1 32. Bxg5 Ree1 33. Kh3 Rg1 34.
Rg2 Qh5+ 35. Bh4 Qf5+ 36. Qg4 Qxg4+ 37. Rxg4 Rxg4 38. fxg4 Rb1 39. Bf2 Rxb2 0-1

[Event "chess.com IoM Masters"]
[Site "Douglas ENG"]
[Date "2017.09.26"]
[Round "4.2"]
[White "Lenderman, Aleksandr"]
[Black "Eljanov, Pavel"]
[Result "1/2-1/2"]
[WhiteTitle "GM"]
[BlackTitle "GM"]
[WhiteElo "2565"]
[BlackElo "2734"]
[WhiteFideId "2021285"]
[BlackFideId "14102951"]
[EventDate "2017.09.23"]

1. d4 d5 2. c4 dxc4 3. Nf3 Nf6 4. e3 e6 5. Bxc4 c5 6. O-O a6 7. b3 b6 8. Bb2 Bb7
9. Be2 Nbd7 10. Nbd2 Be7 11. dxc5 Bxc5 12. Nd4 O-O 13. Bf3 Nd5 14. Rc1 Qe7 15.
Nc4 Rfd8 16. a3 a5 17. Nb5 Nf8 18. Qe2 Ng6 19. g3 Ba6 20. a4 Bxb5 21. axb5 Qe8
22. Ne5 Nxe5 23. Bxe5 Qe7 24. Rfd1 Rd7 25. Bd4 Rc8 26. Rc4 Qf8 27. Qc2 Rdc7 28.
Bxc5 Rxc5 29. Bxd5 exd5 30. Rxd5 Rxc4 31. bxc4 g6 32. c5 bxc5 33. b6 Qe7 34. Qd2
Rb8 35. Qxa5 Qe6 36. Qxc5 Qxb6 37. Qxb6 Rxb6 38. g4 Rb4 39. h3 Kg7 40. Kg2 h6
41. Kg3 g5 42. h4 Kg6 43. Rd6+ Kg7 44. h5 Rb2 45. Kf3 Ra2 46. Rd1 Rb2 47. Re1
Rb3 48. Re2 Ra3 49. Rd2 Ra4 50. Kg3 Ra3 51. Kg2 Ra4 52. f3 Ra3 53. Kf2 Rb3 54.
Ke2 Ra3 55. Rc2 Rb3 56. Kd2 Ra3 57. Rb2 Ra1 58. Rb3 Ra6 59. Kd3 Rd6+ 60. Ke4
Re6+ 61. Kd4 Rf6 62. e4 Rd6+ 63. Ke5 Ra6 64. Rc3 Ra5+ 65. Kd6 Ra6+ 66. Kd7 Ra7+
67. Kd6 Ra6+ 68. Kd7 Ra7+ 1/2-1/2

[Event "chess.com IoM Masters"]
[Site "Douglas ENG"]
[Date "2017.09.26"]
[Round "4.9"]
[White "Swapnil, S. Dhopade"]
[Black "Movsesian, Sergei"]
[Result "1/2-1/2"]
[WhiteTitle "GM"]
[BlackTitle "GM"]
[WhiteElo "2532"]
[BlackElo "2671"]
[WhiteFideId "5019184"]
[BlackFideId "310204"]
[EventDate "2017.09.23"]

1. d4 Nf6 2. c4 e6 3. Nf3 d5 4. g3 Bb4+ 5. Bd2 Be7 6. Bg2 Nbd7 7. O-O c6 8. Bf4
O-O 9. Nc3 Nh5 10. Bc1 Nhf6 11. Bf4 Nh5 12. Bc1 Nhf6 13. Bf4 Nh5 1/2-1/2

[Event "chess.com IoM Masters"]
[Site "Douglas ENG"]
[Date "2017.09.26"]
[Round "4.10"]
[White "Fressinet, Laurent"]
[Black "Harika, Dronavalli"]
[Result "1-0"]
[WhiteTitle "GM"]
[BlackTitle "GM"]
[WhiteElo "2657"]
[BlackElo "2528"]
[WhiteFideId "608742"]
[BlackFideId "5015197"]
[EventDate "2017.09.23"]

1. c4 e6 2. Nc3 d5 3. d4 c6 4. e3 Nf6 5. Nf3 Nbd7 6. Qc2 Bd6 7. b3 O-O 8. Be2 b6
9. O-O Bb7 10. Bb2 Qe7 11. Rad1 Rad8 12. Rfe1 Rfe8 13. g3 a6 14. Bf1 c5 15. cxd5
exd5 16. Bg2 g6 17. Qb1 Rc8 18. dxc5 Nxc5 19. Nd4 Nce4 20. Nxe4 Nxe4 21. Rc1 Ba3
22. Rxc8 Rxc8 23. Rc1 Rxc1+ 24. Qxc1 Bxb2 25. Qxb2 Nc5 26. Ne2 Ne6 27. h4 h5 28.
Qe5 Qc7 29. Qf6 Qc2 30. Nf4 Nxf4 31. gxf4 Qc6 32. Qe5 Qd7 33. f5 gxf5 34. Bf3
Qe6 35. Qb8+ Bc8 36. Bxh5 Kg7 37. Qf4 Qf6 38. Kh2 Kh7 39. Qd4 Qd6+ 40. Kg1 Be6
41. Qf6 Qc7 42. Bf3 Qc1+ 43. Kg2 Qa3 44. h5 Qf8 45. Kf1 Qc8 46. Be2 a5 47. Bd3
Kg8 48. Ke2 Kh7 49. Kf3 d4 50. h6 Qa8+ 51. Ke2 Qf8 52. exd4 Qxh6 53. Bxf5+ Bxf5
54. Qxf7+ Kh8 55. Qxf5 Qc1 56. Qd3 Kg7 57. d5 Qb2+ 58. Qd2 Qe5+ 59. Kf1 Kf7 60.
d6 Qe4 61. Qe3 Qd5 62. Qf4+ Ke8 63. Qe3+ Kf7 64. Qe7+ Kg6 65. Qe8+ Kg7 66. Qe7+
Kg6 67. Kg1 Kf5 68. Qf8+ Ke4 69. Qf6 Qg8+ 70. Kf1 Qc8 71. Qe7+ Kf5 72. d7 Qc1+
73. Qe1 Qc7 74. Qd2 Qd8 75. Qd5+ Kf6 76. f4 1-0

[Event "chess.com IoM Masters"]
[Site "Douglas ENG"]
[Date "2017.09.26"]
[Round "4.11"]
[White "Houska, Jovanka"]
[Black "Granda Zuniga, Julio E"]
[Result "0-1"]
[WhiteTitle "IM"]
[BlackTitle "GM"]
[WhiteElo "2393"]
[BlackElo "2653"]
[WhiteFideId "405094"]
[BlackFideId "3800024"]
[EventDate "2017.09.23"]

1. d4 Nf6 2. Nf3 b6 3. g3 Ba6 4. Bg2 e6 5. b3 d5 6. O-O Nbd7 7. Nbd2 c5 8. Bb2
Rc8 9. a4 Be7 10. Re1 O-O 11. e3 Qc7 12. Ra2 cxd4 13. Nxd4 Rfd8 14. Qa1 Qb8 15.
a5 b5 16. Bf1 e5 17. Nf5 Bf8 18. Rc1 Re8 19. Nh4 Rc6 20. Nhf3 Qc7 21. Ne1 Rc8
22. Ndf3 Bd6 23. Nh4 Ne4 24. Nd3 Nc3 25. Bxc3 Rxc3 26. Nb2 Nc5 27. Nc4 b4 28.
Nxd6 Qxd6 29. Bxa6 Nxb3 30. Qb2 Nxc1 31. Bxc8 Nxa2 32. Bf5 Ra3 33. Bd3 g6 34. e4
dxe4 35. Bxe4 Nc3 36. Bd3 Qd4 0-1

[Event "chess.com IoM Masters"]
[Site "Douglas ENG"]
[Date "2017.09.26"]
[Round "4.12"]
[White "Vallejo Pons, Francisco"]
[Black "Batsiashvili, Nino"]
[Result "1/2-1/2"]
[WhiteTitle "GM"]
[BlackTitle "IM"]
[WhiteElo "2716"]
[BlackElo "2472"]
[WhiteFideId "2205530"]
[BlackFideId "13602993"]
[EventDate "2017.09.23"]

1. e4 e5 2. Nf3 Nc6 3. Bc4 Nf6 4. Ng5 d5 5. exd5 Na5 6. Bb5+ c6 7. dxc6 bxc6 8.
Bd3 Nd5 9. Nf3 Bd6 10. O-O Nf4 11. Re1 Nxd3 12. cxd3 O-O 13. Nc3 Re8 14. b3 Ba6
15. Bb2 Bxd3 16. Ne4 f6 17. Nh4 Bf8 18. Qf3 Nb7 19. Re3 Bxe4 20. Qxe4 Qxd2 21.
Qxc6 Na5 22. Qe4 Rad8 23. Bc3 Qd5 24. Qg4 Nc6 25. h3 Nd4 26. Rg3 Qd7 27. Re1
Qxg4 28. hxg4 g6 29. Nf3 Bh6 30. Rh3 Bf4 31. Kf1 Nc2 32. Re4 Rd3 33. Ne1 Nxe1
34. Kxe1 Rxh3 35. gxh3 Rc8 36. Bd2 Bxd2+ 37. Kxd2 a5 38. Re3 Kf7 39. Rc3 Rd8+
40. Rd3 Rb8 41. Rd7+ Ke6 42. Ra7 Rb5 43. Ra6+ Kf7 44. Ra7+ Ke6 45. Rxh7 a4 46.
Kc3 axb3 47. axb3 Rc5+ 48. Kb2 Rd5 49. Rc7 Rd2+ 50. Rc2 Rd3 51. Rc3 Rd2+ 52. Rc2
Rd3 53. Rc6+ Ke7 54. b4 Rf3 55. Rc2 Rxh3 56. b5 Kd7 57. b6 Rh8 58. Rc7+ Kd6 59.
Rf7 Ke6 60. Rg7 Rb8 61. b7 Kd5 62. Kc3 f5 63. g5 e4 64. Kb4 f4 65. Kb5 e3 66.
fxe3 fxe3 67. Kb6 Re8 68. Rd7+ Ke4 69. Kc7 e2 70. b8=Q Rxb8 71. Kxb8 Kf5 72. Re7
Kxg5 73. Rxe2 Kf4 74. Rf2+ Ke4 75. Rg2 Kf5 76. Kc7 g5 77. Kd6 g4 78. Kd5 Kf4 79.
Rf2+ Ke3 80. Ra2 g3 81. Ke5 Kf3 82. Ra3+ Kf2 83. Kf4 g2 84. Ra2+ Kg1 85. Ra8 Kf2
86. Ra2+ Kg1 87. Ra7 Kf2 88. Ra2+ Kg1 89. Ra6 Kf2 90. Ra2+ Kg1 91. Ra5 Kf2 92.
Ra2+ Kg1 93. Kf3 Kh1 94. Rxg2 1/2-1/2

[Event "chess.com IoM Masters"]
[Site "Douglas ENG"]
[Date "2017.09.26"]
[Round "4.14"]
[White "Pichot, Alan"]
[Black "Almasi, Zoltan"]
[Result "1-0"]
[WhiteTitle "GM"]
[BlackTitle "GM"]
[WhiteElo "2565"]
[BlackElo "2707"]
[WhiteFideId "110973"]
[BlackFideId "702293"]
[EventDate "2017.09.23"]

1. e4 e5 2. Nf3 Nc6 3. Bb5 a6 4. Ba4 Nf6 5. O-O Be7 6. Re1 b5 7. Bb3 d6 8. c3
O-O 9. h3 Nb8 10. d4 Nbd7 11. Nbd2 c5 12. Nf1 Re8 13. Ng3 Bf8 14. Ng5 c4 15. Bc2
h6 16. Nf3 Bb7 17. b3 Qc7 18. Bd2 Rac8 19. d5 cxb3 20. axb3 g6 21. Bd3 Nc5 22.
Bf1 Qb6 23. Be3 Qc7 24. Nd2 h5 25. b4 Ncd7 26. c4 bxc4 27. Qc2 c3 28. Nb1 h4 29.
Ne2 Bxd5 30. exd5 Nxd5 31. Qb3 Nxe3 32. fxe3 c2 33. Nbc3 Nf6 34. Qxc2 Qb6 35.
Qd3 Bh6 36. Kh1 e4 37. Qxa6 Qxe3 38. Qxd6 Qf2 39. Nd5 Nxd5 40. Qxd5 Rcd8 41. Qc4
Rc8 42. Qb3 Be3 43. Red1 Re6 44. g4 hxg3 45. Bg2 Qxe2 46. Re1 Qf2 47. Rxe3 Rc2
48. Rg1 Qd2 49. Ree1 e3 50. b5 Kg7 51. Rb1 Rf6 52. Qb4 Qd7 53. Qh4 Qc7 54. Qd4
Qb6 55. Qxb6 Rxb6 56. Rge1 Rc3 57. Bf1 f5 58. Kg2 f4 59. Be2 Rc2 60. Kf3 g5 61.
Rec1 Rxc1 62. Rxc1 Kf6 63. Ra1 Rb8 64. Ra6+ Kg7 65. Rc6 Rd8 66. Rc5 1-0

[Event "chess.com IoM Masters"]
[Site "Douglas ENG"]
[Date "2017.09.26"]
[Round "4.15"]
[White "Naiditsch, Arkadij"]
[Black "Donchenko, Alexander"]
[Result "1/2-1/2"]
[WhiteTitle "GM"]
[BlackTitle "GM"]
[WhiteElo "2702"]
[BlackElo "2559"]
[WhiteFideId "4650891"]
[BlackFideId "24603295"]
[EventDate "2017.09.23"]

1. e4 c6 2. d4 d5 3. e5 Bf5 4. Nd2 e6 5. Nb3 Nd7 6. Nf3 Ne7 7. Be2 h6 8. O-O g5
9. Ne1 Qc7 10. Bd2 c5 11. dxc5 Bg7 12. Ba5 Qb8 13. Bb5 Nc6 14. Bxc6 bxc6 15. Nd4
Bg6 16. Nd3 Bxd3 17. cxd3 Qxb2 18. Qa4 Rc8 19. Rac1 Qb7 20. Rfe1 Qa6 21. Nf3 Rb8
22. Nd4 Nxe5 23. Rxe5 Bxe5 24. Nxc6 Qb5 25. Qxb5 Rxb5 26. a4 Rxa5 27. Nxa5 Kd7
28. Nb7 Rc8 29. Kf1 f5 30. g3 Bd4 31. Ke2 Rc6 32. h4 Kc7 33. Na5 Rxc5 34. Rxc5+
Bxc5 35. hxg5 hxg5 36. Nb3 Kc6 37. f4 Bd6 38. Ke3 gxf4+ 39. gxf4 e5 40. fxe5
Bxe5 41. Kf3 Kd7 42. Ke3 Bc7 43. Kf3 Bb6 44. Kf4 Ke6 45. Kg3 Ke5 46. Kf3 f4 47.
Kg4 Be3 48. Kf3 Kf5 49. Na5 Ke5 50. Nb3 Kf5 1/2-1/2

[Event "chess.com IoM Masters"]
[Site "Douglas ENG"]
[Date "2017.09.26"]
[Round "4.17"]
[White "Rodshtein, Maxim"]
[Black "Brunello, Sabino"]
[Result "1-0"]
[WhiteTitle "GM"]
[BlackTitle "GM"]
[WhiteElo "2695"]
[BlackElo "2555"]
[WhiteFideId "2806851"]
[BlackFideId "813613"]
[EventDate "2017.09.23"]

1. d4 d5 2. c4 e6 3. Nc3 Nf6 4. cxd5 exd5 5. Bg5 c6 6. e3 h6 7. Bh4 Be7 8. Qc2
Nbd7 9. Bd3 Nh5 10. Bxe7 Qxe7 11. O-O-O Nb6 12. Kb1 Nf6 13. Rc1 Be6 14. Nf3
O-O-O 15. Na4 Nfd7 16. Nc5 Nxc5 17. dxc5 Nc4 18. Ka1 Kb8 19. b3 Qf6+ 20. Qc3
Qxc3+ 21. Rxc3 Na3 22. Kb2 Nb5 23. Bxb5 cxb5 24. c6 bxc6 25. Ne5 Kb7 26. Nxc6
Rc8 27. Rhc1 f6 28. Rc5 a6 29. b4 Rhe8 30. Nd4 Bd7 31. Rxd5 Rxc1 32. Kxc1 Kc7
33. Kd2 g5 34. a3 Re7 35. Kd3 Re8 36. e4 Re7 37. f3 Re8 38. g3 Re7 39. Ke3 Re8
40. h4 Re7 41. Rc5+ Kd6 42. Rd5+ Kc7 43. Nf5 Rh7 44. f4 gxf4+ 45. gxf4 1-0

[Event "chess.com IoM Masters"]
[Site "Douglas ENG"]
[Date "2017.09.26"]
[Round "4.18"]
[White "Lampert, Jonas"]
[Black "Sutovsky, Emil"]
[Result "0-1"]
[WhiteTitle "IM"]
[BlackTitle "GM"]
[WhiteElo "2514"]
[BlackElo "2683"]
[WhiteFideId "1303759"]
[BlackFideId "2802007"]
[EventDate "2017.09.23"]

1. e4 c5 2. Nf3 d6 3. d4 cxd4 4. Nxd4 Nf6 5. Nc3 Nc6 6. Bg5 e6 7. Qd3 Bd7 8.
O-O-O a6 9. Be2 h6 10. Bh4 Ne5 11. Qe3 g5 12. Bg3 b5 13. Nf3 Neg4 14. Qd3 b4 15.
Nd5 exd5 16. exd5 Qa5 17. Kb1 Bg7 18. h3 Bb5 19. Qf5 Bd7 20. Qd3 Bb5 21. Qf5 Ne3
22. fxe3 Bxe2 23. Bxd6 Bxd1 24. Rxd1 Rd8 25. Qe5+ Kd7 26. Be7 Rhe8 27. Qd6+ Kc8
28. Qc6+ Qc7 29. Qxa6+ Qb7 30. Qc4+ Qc7 31. Qa6+ Qb7 32. Qc4+ Kb8 33. Bxd8 Rxd8
34. e4 Nd7 35. Nd4 Ne5 36. Qf1 Qb6 37. Nf5 Bf8 38. Qe1 Kb7 39. Qg3 f6 40. Qb3 h5
41. Nd4 Rc8 42. Nf5 Nc4 43. Qd3 Na3+ 44. bxa3 Rc3 45. Qd4 Bc5 46. Nd6+ Qxd6 47.
Qd2 Be3 48. Qe1 Qc5 49. axb4 Qxb4+ 50. Ka1 Bd4 51. Qd2 Rd3+ 0-1

[Event "chess.com IoM Masters"]
[Site "Douglas ENG"]
[Date "2017.09.26"]
[Round "4.21"]
[White "Nihal, Sarin"]
[Black "Adhiban, Baskaran"]
[Result "0-1"]
[WhiteTitle "IM"]
[BlackTitle "GM"]
[WhiteElo "2483"]
[BlackElo "2670"]
[WhiteFideId "25092340"]
[BlackFideId "5018471"]
[EventDate "2017.09.23"]

1. c4 c5 2. g3 g6 3. Bg2 Bg7 4. Nc3 Nc6 5. a3 d6 6. Rb1 a5 7. e4 Nf6 8. d3 O-O
9. Nge2 Ne8 10. Be3 Nc7 11. O-O Ne6 12. a4 Ned4 13. Nb5 Bg4 14. f3 Bd7 15. Bxd4
cxd4 16. f4 Qb6 17. Kh1 Nb4 18. Ng1 f5 19. Qb3 Kh8 20. Rbe1 Rae8 21. e5 dxe5 22.
fxe5 Na6 23. Nf3 Nc5 24. Qc2 Rd8 25. Rd1 Bxb5 26. axb5 Bh6 27. Qe2 Be3 28. Ne1
Qc7 29. Nc2 Qxe5 30. Rfe1 f4 31. gxf4 Rxf4 32. Nxe3 dxe3 33. Qxe3 Qxe3 34. Rxe3
e6 35. Rf1 Rxf1+ 36. Bxf1 Kg7 37. Kg2 Kf6 38. Kf3 Na4 39. Ke4 Nc5+ 40. Kf3 e5
41. Ke2 e4 42. dxe4 Ke5 43. b3 Rd4 44. Bg2 Ne6 45. Bf3 Nf4+ 46. Ke1 b6 47. Rc3
Rd3 48. Rxd3 Nxd3+ 49. Kd2 Kd4 50. h4 h6 51. Bg2 g5 52. hxg5 hxg5 53. Bh3 Nc5
54. e5 Kxe5 55. Kc3 Ne4+ 56. Kb2 Kd4 57. Ka3 Kc5 58. Bg2 Nf2 59. Kb2 Kd4 60. Ka3
g4 61. b4 axb4+ 62. Kxb4 Nd3+ 63. Kb3 g3 64. Bf1 Kc5 0-1

[Event "chess.com IoM Masters"]
[Site "Douglas ENG"]
[Date "2017.09.26"]
[Round "4.22"]
[White "Esserman, Marc"]
[Black "Jones, Gawain C B"]
[Result "0-1"]
[WhiteTitle "IM"]
[BlackTitle "GM"]
[WhiteElo "2453"]
[BlackElo "2668"]
[WhiteFideId "2018616"]
[BlackFideId "409561"]
[EventDate "2017.09.23"]

1. Nf3 Nf6 2. d4 g6 3. e3 Bg7 4. Be2 O-O 5. O-O d6 6. b3 e5 7. dxe5 dxe5 8. Ba3
Qxd1 9. Rxd1 Re8 10. Nc3 e4 11. Nd2 a6 12. Bb2 Nc6 13. h3 h5 14. Bf1 h4 15. a3
b6 16. Rab1 Bb7 17. Nc4 Rac8 18. Ba1 Re6 19. b4 Ne7 20. Ne2 Nf5 21. Rd2 Ree8 22.
Rbd1 Bc6 23. Nd4 Nxd4 24. Bxd4 Bb5 25. Nb2 Bxf1 26. Kxf1 Nh7 27. Bxg7 Kxg7 28.
c4 Nf6 29. Na4 Re6 30. c5 a5 31. bxa5 bxa5 32. Rb1 Re5 33. Rb5 Ra8 34. Rd4 Nd5
35. Ke2 Ra6 36. Ke1 Rf6 37. Rd2 Ref5 38. Re2 Ra6 39. Kf1 g5 40. Ke1 Rg6 41. c6
Rxc6 42. Rxa5 Rc4 43. Kd2 Nxe3 44. Rxf5 Nxf5 45. Nc3 Nd6 46. a4 f5 47. Kc2 Rc6
48. Kb3 Nb7 49. Kb4 Rb6+ 50. Kc4 Kf7 51. Nd5 Rc6+ 52. Kd4 Ke6 53. f3 Nd6 54. Ne3
f4 55. Rc2 Ra6 56. fxe4 Rxa4+ 0-1

[Event "chess.com IoM Masters"]
[Site "Douglas ENG"]
[Date "2017.09.26"]
[Round "4.23"]
[White "Riazantsev, Alexander"]
[Black "Christiansen, Johan-Sebastian"]
[Result "1-0"]
[WhiteTitle "GM"]
[BlackTitle "IM"]
[WhiteElo "2666"]
[BlackElo "2457"]
[WhiteFideId "4125029"]
[BlackFideId "1512668"]
[EventDate "2017.09.23"]

1. d4 d5 2. c4 dxc4 3. e3 e5 4. Bxc4 exd4 5. exd4 Bd6 6. Nf3 Nf6 7. Qe2+ Qe7 8.
Qxe7+ Bxe7 9. Nc3 c6 10. O-O Nbd7 11. Re1 Nb6 12. Bb3 Nfd5 13. Ne4 O-O 14. Nc5
a5 15. a4 Bxc5 16. dxc5 Nd7 17. Bxd5 cxd5 18. Bf4 Nf6 19. Nd4 Bd7 20. f3 Rfc8
21. Rec1 Be6 22. Ra3 Nd7 23. Bd6 Ra6 24. Rcc3 Nf8 25. Rab3 Bd7 26. Rxb7 Bxa4 27.
Ra3 Be8 28. b4 a4 29. b5 Ra5 30. Bxf8 Kxf8 31. c6 g6 32. Kf2 Kg7 33. Ke3 Kf6 34.
f4 g5 35. g3 gxf4+ 36. gxf4 Kg6 37. Kd3 Kh5 38. Kc3 Kg4 39. Kb4 Raa8 40. Rxa4
Rxa4+ 41. Kxa4 Kxf4 42. Re7 1-0

[Event "chess.com IoM Masters"]
[Site "Douglas ENG"]
[Date "2017.09.26"]
[Round "4.24"]
[White "Gaponenko, Inna"]
[Black "Sargissian, Gabriel"]
[Result "0-1"]
[WhiteTitle "IM"]
[BlackTitle "GM"]
[WhiteElo "2437"]
[BlackElo "2652"]
[WhiteFideId "14101181"]
[BlackFideId "13300881"]
[EventDate "2017.09.23"]

1. e4 e5 2. Nf3 Nc6 3. Bb5 Nf6 4. O-O Nxe4 5. Re1 Nd6 6. Nxe5 Be7 7. Bf1 Nf5 8.
Nf3 d5 9. d4 O-O 10. c3 Bd6 11. Bd3 Re8 12. Rxe8+ Qxe8 13. Nbd2 f6 14. Nf1 Qf7
15. Qc2 g6 16. Bd2 Bd7 17. Re1 b6 18. Ng3 Nce7 19. c4 Nxg3 20. c5 Ne4 21. cxd6
cxd6 22. Bxe4 dxe4 23. Qxe4 Nd5 24. h3 Bc6 25. Nh2 h5 26. Nf1 Bb7 27. Qe6 Qxe6
28. Rxe6 Kf7 29. Re1 Rc8 30. Ne3 Nf4 31. Nf5 Nxh3+ 32. gxh3 gxf5 33. Rc1 Rg8+
34. Kf1 Ba6+ 0-1

[Event "chess.com IoM Masters"]
[Site "Douglas ENG"]
[Date "2017.09.26"]
[Round "4.25"]
[White "Xiong, Jeffery"]
[Black "Kjartansson, Gudmundur"]
[Result "1-0"]
[WhiteTitle "GM"]
[BlackTitle "IM"]
[WhiteElo "2633"]
[BlackElo "2456"]
[WhiteFideId "2047640"]
[BlackFideId "2301318"]
[EventDate "2017.09.23"]

1. c4 c6 2. d4 d5 3. Nf3 Nf6 4. Qb3 dxc4 5. Qxc4 Bf5 6. g3 e6 7. Bg2 Qa5+ 8. Nc3
b5 9. Qb3 b4 10. Nb1 Be4 11. Nbd2 Bd5 12. Qc2 b3 13. Qd1 bxa2 14. O-O Na6 15.
Re1 Ne4 16. Ne5 f5 17. e3 Bb4 18. Nxe4 fxe4 19. Re2 Bd6 20. b3 Nb4 21. Nc4 Qc7
22. Ba3 O-O 23. Nd2 e5 24. Nxe4 Be7 25. Bxb4 Bxb4 26. Rexa2 a5 27. Ng5 Bxg2 28.
Qd3 g6 29. Kxg2 Qe7 30. Qc4+ Kh8 31. Nf3 exd4 32. Qxd4+ Kg8 33. Ne5 Qe6 34. Qc4
Qxc4 35. Nxc4 Rf5 36. e4 Rb5 37. Rd1 Be7 38. Rd7 Kf8 39. Rc7 Rc5 40. Nb6 1-0